Nueva cuestion de Chile con Bolivia: La infracción del Tratado de agosto de 1874. Segunda edición
Uloženo v:
| Korporativní autor: | |
|---|---|
| Médium: | Kniha |
| Jazyk: | španělština |
| Vydáno: |
Valparaíso
Imprenta de La Patria, calle del Almendro número 16
1879
|
| Vydání: | 2a. ed |
| Témata: | |
| Tagy: |
Přidat tag
Žádné tagy, Buďte první, kdo vytvoří štítek k tomuto záznamu!
|
MARC
| LEADER | 00000nam a2200000 a 4500 | ||
|---|---|---|---|
| 001 | UCJ5097 | ||
| 003 | CL-VaPUC | ||
| 008 | 070124e18790100CL |||||||||||||||||spa|d | ||
| 082 | 0 | 4 | |a 983 |b REP |2 21 |
| 110 | 2 | |a República de Chile |e author |9 509877 | |
| 245 | 1 | 0 | |a Nueva cuestion de Chile con Bolivia: La infracción del Tratado de agosto de 1874. Segunda edición |
| 250 | |a 2a. ed | ||
| 300 | |a 60 p | ||
| 942 | |c BK | ||
| 945 | |d 20070124 00:00:00 |a rinostro | ||
| 260 | |a Valparaíso |b Imprenta de La Patria, calle del Almendro número 16 |c 1879 | ||
| 650 | 0 | |a Guerra del Pacífico |9 314886 | |
| 650 | 0 | |a Tratados internacionales |9 256056 | |
| 650 | 0 | |a Historia de Chile |9 265473 | |
| 583 | |a last modification |c 20070124 00:00:00 |k Rodrigo Vera | ||
| 999 | |c 321210 |d 321208 | ||
| 952 | |0 0 |1 0 |4 0 |6 983_000000000000000_REP_1879 |7 0 |8 X |9 399902 |a FDOBUD |b FDOBUD |d 2019-11-22 |i 1030000 |o 983 REP 1879 |p 1030000 |r 2019-11-22 |w 2019-11-22 |y BK_X |k BUD | ||